| 000 | 01118cam a22002894a 4500 | ||
|---|---|---|---|
| 999 |
_c57702 _d57702 |
||
| 001 | 13670923 | ||
| 005 | 20221105212132.0 | ||
| 008 | 040729s2018 nyua b 001 0 eng | ||
| 010 | _a 2004561121 | ||
| 020 | _a0071410929 1 | ||
| 041 | _aeng | ||
| 080 | _a615 B-29 | ||
| 245 | 0 | 0 |
_aBasic & clinical pharmacology / _cedited by Bertram G. Katzung. |
| 246 | 3 | _aBasic and clinical pharmacology | |
| 250 | _afourteenth edition | ||
| 264 |
_aNew York : _bMcGraw Hill, _c2018. |
||
| 300 |
_a1249 p. _bill. ; _c24 cm. |
||
| 650 | 0 |
_aClinical pharmacology. _99498 |
|
| 650 | 0 |
_aPharmacology. _9272 |
|
| 653 | _aკლინიკური ფარმაკოლოგია | ||
| 653 | _aმედიცინა | ||
| 700 | 1 |
_aKatzung, Bertram G. _eრედაქტორი _99499 |
|
| 856 | 4 | 2 |
_3Publisher description _uhttp://www.loc.gov/catdir/description/mh051/2004561121.html |
| 856 | 4 | 1 |
_3Table of contents _uhttp://www.loc.gov/catdir/toc/mh051/2004561121.html |
| 942 |
_2udc _cBK |
||
| 955 |
_apx09 2004-07-29 z-processor to ASCD; _cjc09 2004-08-16 _ajc00 2004-08-23 sent to Serial as part of 86645485 |
||